Linear Algebra/ (Record no. 213567)

MARC details
000 -LEADER
fixed length control field 00667nam a22002057a 4500
005 - DATE AND TIME OF LATEST TRANSACTION
control field 20251006144217.0
010 ## - LCCN (DPL NO)
LC control number ENG-146942
020 ## - INTERNATIONAL STANDARD BOOK NUMBER
Terms of availability 2288.00
International Standard Book Number 9789364442985
035 ## - SYSTEM CONTROL NUMBER
System control number EN-130474
037 ## - SOURCE OF ACQUISITION
Source of stock number/acquisition Delivery Books Act Division
082 ## - DEWEY DECIMAL CLASSIFICATION NUMBER
Classification number 512.5076
Edition number 6
100 ## - MAIN ENTRY--PERSONAL NAME
Personal name Lipschutz Seymour
245 ## - TITLE STATEMENT
Title Linear Algebra/
Statement of responsibility, etc Seymour Lipschutz [and] Marc Lars Lipson
Medium English
250 ## - EDITION STATEMENT
Edition statement 6
260 ## - PUBLICATION, DISTRIBUTION, ETC. (IMPRINT)
Place of publication, distribution, etc Chennai
Name of publisher, distributor, etc Mc Graw Hill
Date of publication, distribution, etc 2025
270 ## - ADDRESS
Address Anjana Complex No.5/90 A butt Road St.Thomas Mount,
City Chennai
Postal code 600016
300 ## - PHYSICAL DESCRIPTION
Extent vi,425p.
Dimensions 28cm(pb)
Other physical details Index
700 ## - ADDED ENTRY--PERSONAL NAME
Personal name Lipson Marc
Relator term Author
9 (RLIN) 85356
942 ## - ADDED ENTRY ELEMENTS (KOHA)
Source of classification or shelving scheme Dewey Decimal Classification
Item type English Books
Call number suffix LIP
Classification part 512.5076
Holdings
Withdrawn status Lost status Not for loan Collection code Home library Current library Date acquired Source of acquisition Cost, normal purchase price Full call number Barcode Copy number Cost, replacement price Koha item type
      Non-fiction Mobile Library Mobile Library 06/10/2025 Delivery Of Books Act Division 2288.00 LIP 512.5076 EN-130474 1 2288.00 English Books

© Delhi Public Library
Hit Counter
free hit counter